[Event "Budapest-chT1 Lilienthal 1718"]
[Site "Budapest"]
[Date "2017.12.10"]
[Round "5"]
[White "Zilahi, Gabor"]
[Black "Paulics, Peter"]
[Result "1-0"]
[WhiteElo "1967"]
[BlackElo "1776"]
[PlyCount "71"]
[EventDate "2017.10.01"]
[EventType "team-tourn"]
[EventRounds "13"]
[EventCountry "HUN"]
[SourceTitle "EXT 2021"]
[Source "ChessBase"]
[SourceDate "2020.10.23"]
[SourceVersion "1"]
[SourceVersionDate "2020.10.23"]
[SourceQuality "1"]
[WhiteTeam "Budapest Vasas II"]
[BlackTeam "SENSE"]
[WhiteTeamCountry "HUN"]
[BlackTeamCountry "HUN"]

1. d4 f5 2. g3 e6 3. Bg2 Nf6 4. Nh3 Be7 5. Nd2 d6 6. c3 0-0 7. Qb3 d5 8. Nf3 Ne4 9. Ne5 Nc6 10. Nxc6 bxc6 11. 0-0 g5 12. f3 Nd6 13. Nf2 f4 14. e4 fxg3 15. hxg3 Qe8 16. Ng4 dxe4 17. Ne5 Nf5 18. fxe4 Nxg3 19. Rxf8+ Qxf8 20. Qc4 c5 21. Qd3 Nh5 22. Be3 cxd4 23. Rf1 Qe8 24. cxd4 a5 25. Qc2 Ba6 26. Rf2 Bd6 27. Ng4 Bg3 28. Rf3 Qe7 29. Nh6+ Kh8 30. Nf7+ Kg8 31. Bxg5 Qb4 32. Nh6+ Kh8 33. Qc3 Qxc3 34. bxc3 Rb8 35. Rxg3 Nxg3 36. Bf6# 1-0

[Event "Budapest FS05 Development"]
[Site "Budapest"]
[Date "2017.05.14"]
[Round "8"]
[White "Brassoi Tarnovszki, Aurel"]
[Black "Zilahi, Gabor"]
[Result "0-1"]
[WhiteElo "1577"]
[BlackElo "1965"]
[PlyCount "78"]
[EventDate "2017.05.07"]
[EventType "tourn"]
[EventRounds "10"]
[EventCountry "HUN"]
[SourceTitle "CBM 178 Extra"]
[Source "ChessBase"]
[SourceDate "2017.06.22"]
[SourceVersion "1"]
[SourceVersionDate "2017.06.22"]
[SourceQuality "1"]

1. d4 c6 2. c4 d5 3. e3 Nf6 4. Nc3 g6 5. Nf3 Bg7 6. cxd5 cxd5 7. Be2 0-0 8. 0-0 Nc6 9. a3 a6 10. b4 Bg4 11. h3 Bf5 12. Bd3 Bxd3 13. Qxd3 e6 14. Bb2 Rc8 15. Rac1 Re8 16. Rc2 Bf8 17. Na2 Ne4 18. Nd2 f5 19. f3 Nd6 20. Rfc1 Bh6 21. Re1 Qh4 22. Qf1 Ne7 23. Bc3 Nc4 24. Nxc4 Rxc4 25. Qf2 Qxf2+ 26. Kxf2 Bg7 27. Ke2 Rec8 28. Kd3 e5 29. dxe5 Bxe5 30. Rec1 Nc6 31. f4 Bb8 32. Bd2 b5 33. g3 Ba7 34. Rxc4 dxc4+ 35. Ke2 Re8 36. Kf3 Kf7 37. Re1 Rd8 38. Re2 Rd3 39. Bc3 Bd4 0-1

[Event "Budapest FS05 Development"]
[Site "Budapest"]
[Date "2017.05.12"]
[Round "6"]
[White "Zilahi, Gabor"]
[Black "Szlenka, Attila"]
[Result "1-0"]
[WhiteElo "1965"]
[BlackElo "1779"]
[PlyCount "107"]
[EventDate "2017.05.07"]
[EventType "tourn"]
[EventRounds "10"]
[EventCountry "HUN"]
[SourceTitle "CBM 178 Extra"]
[Source "ChessBase"]
[SourceDate "2017.06.22"]
[SourceVersion "1"]
[SourceVersionDate "2017.06.22"]
[SourceQuality "1"]

1. d4 Nf6 2. e3 d6 3. Nf3 Nbd7 4. c3 g6 5. Bc4 Bg7 6. Bxf7+ Kxf7 7. Ng5+ Kg8 8. Ne6 Qe8 9. Nxc7 Qf7 10. Nxa8 Qd5 11. Qb3 a6 12. Nc7 Qxb3 13. axb3 Kf7 14. Nd2 e6 15. b4 Ke7 16. b5 Nb8 17. c4 Kd7 18. Na8 axb5 19. Nb6+ Kc6 20. Nxc8 Rxc8 21. b3 Na6 22. Ba3 b4 23. Bb2 d5 24. 0-0 Ne8 25. Rfc1 Kd7 26. Rc2 Nd6 27. Rac1 Bh6 28. cxd5 exd5 29. Rxc8 Nxc8 30. Nf3 Nd6 31. Ne5+ Ke6 32. Rc2 Bg7 33. f3 Nf5 34. Kf2 Ne7 35. Nd3 Kd6 36. Bc1 Nc6 37. Bd2 Bf6 38. Ra2 Be7 39. f4 Ke6 40. Kf3 Nc7 41. Rc2 Na6 42. Be1 Bf6 43. Ra2 Be7 44. g4 Bd8 45. h4 Be7 46. g5 Bf8 47. h5 Kf7 48. Kg4 Ke6 49. hxg6 hxg6 50. Rh2 Na5 51. Ne5 Nxb3 52. Nxg6 Kf7 53. Nxf8 Kxf8 54. Rb2 1-0

[Event "Budapest-chT1 Lilienthal 1516"]
[Site "Budapest"]
[Date "2015.11.15"]
[Round "4"]
[White "Farkas, Otto Jr"]
[Black "Zilahi, Gabor"]
[Result "0-1"]
[WhiteElo "1213"]
[BlackElo "1917"]
[PlyCount "54"]
[EventDate "2015.09.20"]
[EventType "team-tourn"]
[EventRounds "9"]
[EventCountry "HUN"]
[SourceTitle "EXT 2021"]
[Source "ChessBase"]
[SourceDate "2020.10.23"]
[SourceVersion "1"]
[SourceVersionDate "2020.10.23"]
[SourceQuality "1"]
[WhiteTeam "REAC SISE"]
[BlackTeam "Budapest Vasas II"]
[WhiteTeamCountry "HUN"]
[BlackTeamCountry "HUN"]

1. e4 c6 2. d4 d5 3. Nc3 dxe4 4. Nxe4 Nf6 5. f3 Bf5 6. Qd3 Bg6 7. g4 e6 8. Bg5 Be7 9. Ne2 Nxe4 10. Bxe7 Qxe7 11. fxe4 Nd7 12. 0-0-0 Qg5+ 13. Kb1 Qxg4 14. Ng3 Rd8 15. Be2 Qh4 16. Nf5 exf5 17. exf5 Bh5 18. Bxh5 Qxh5 19. Qe3+ Kf8 20. Rhe1 Qh4 21. Qa3+ Kg8 22. Qd3 h6 23. Rg1 Kh7 24. Rg3 Nf6 25. Qc4 Rhf8 26. Rdg1 Qxd4 27. Rxg7+ Kh8 0-1

[Event "Budapest-chT1 Lilienthal 1516"]
[Site "Budapest"]
[Date "2015.10.11"]
[Round "3"]
[White "Gardo, Jozsef"]
[Black "Zilahi, Gabor"]
[Result "1/2-1/2"]
[WhiteElo "1875"]
[BlackElo "1917"]
[PlyCount "58"]
[EventDate "2015.09.20"]
[EventType "team-tourn"]
[EventRounds "9"]
[EventCountry "HUN"]
[SourceTitle "EXT 2021"]
[Source "ChessBase"]
[SourceDate "2020.10.23"]
[SourceVersion "1"]
[SourceVersionDate "2020.10.23"]
[SourceQuality "1"]
[WhiteTeam "Budapest Vasas II"]
[BlackTeam "Fabulon"]
[WhiteTeamCountry "HUN"]
[BlackTeamCountry "HUN"]

1. e4 c6 2. d4 d5 3. Nc3 dxe4 4. Nxe4 Nf6 5. Nxf6+ exf6 6. Nf3 Bd6 7. Bd3 0-0 8. 0-0 Re8 9. h3 Qc7 10. c4 Be6 11. b3 Nd7 12. Bd2 Nf8 13. Rc1 Ba3 14. Rb1 a5 15. Bc3 b6 16. Qc2 Rad8 17. Rfd1 Qf4 18. Bd2 Qb8 19. c5 Bd5 20. Nh2 Rd7 21. Ng4 Be6 22. Bc3 bxc5 23. dxc5 Bxg4 24. hxg4 Rd5 25. b4 axb4 26. Bxb4 Bxb4 27. a3 Rxc5 28. Rxb4 Qe5 29. Qd2 Qc3 1/2-1/2

[Event "Budapest-chT1 Lilienthal 1314"]
[Site "Budapest"]
[Date "2014.02.23"]
[Round "8"]
[White "Zilahi, Gabor"]
[Black "Meszaros, Geza"]
[Result "1-0"]
[WhiteElo "1954"]
[BlackElo "1943"]
[PlyCount "81"]
[EventDate "2013.09.29"]
[EventType "team-tourn"]
[EventRounds "11"]
[EventCountry "HUN"]
[SourceTitle "EXT 2021"]
[Source "ChessBase"]
[SourceDate "2020.10.23"]
[SourceVersion "1"]
[SourceVersionDate "2020.10.23"]
[SourceQuality "1"]
[WhiteTeam "Budapest Vasas II"]
[BlackTeam "Csepel"]
[WhiteTeamCountry "HUN"]
[BlackTeamCountry "HUN"]

1. d4 Nf6 2. c4 g6 3. g3 Bg7 4. Bg2 d6 5. Nf3 0-0 6. 0-0 c5 7. h3 Na6 8. Nc3 cxd4 9. Nxd4 Nc5 10. Be3 a6 11. Qd2 Qc7 12. Rfd1 Ne6 13. Rac1 Nxd4 14. Bxd4 Be6 15. Nd5 Bxd5 16. cxd5 Qd7 17. Rc2 Rfc8 18. Rdc1 Rxc2 19. Qxc2 b5 20. Qc6 Qd8 21. Qb7 Ne8 22. Bxg7 Kxg7 23. a3 Kf8 24. Rc6 Rb8 25. Qxa6 Nc7 26. Qa7 Ne8 27. Qd4 Nf6 28. Qc3 Kg8 29. e4 Nd7 30. f4 Nc5 31. b4 Na4 32. Qc1 h5 33. Bf1 Kh7 34. Bd3 Qh8 35. e5 dxe5 36. Qd1 exf4 37. Qxh5+ Kg7 38. Qe5+ Kh7 39. Qxf4 Qa1+ 40. Rc1 Qxa3 41. Qxf7+ 1-0

[Event "Budapest-chT1 Lilienthal 1314"]
[Site "Budapest"]
[Date "2014.01.19"]
[Round "6"]
[White "Szamoskozi, Peter"]
[Black "Zilahi, Gabor"]
[Result "0-1"]
[WhiteElo "1810"]
[BlackElo "1954"]
[PlyCount "136"]
[EventDate "2013.09.29"]
[EventType "team-tourn"]
[EventRounds "11"]
[EventCountry "HUN"]
[SourceTitle "EXT 2021"]
[Source "ChessBase"]
[SourceDate "2020.10.23"]
[SourceVersion "1"]
[SourceVersionDate "2020.10.23"]
[SourceQuality "1"]
[WhiteTeam "Penzugyor III"]
[BlackTeam "Budapest Vasas II"]
[WhiteTeamCountry "HUN"]
[BlackTeamCountry "HUN"]

1. e4 c6 2. d4 d5 3. Nc3 dxe4 4. Nxe4 Nf6 5. Nc3 Bf5 6. Nf3 e6 7. Bf4 Bb4 8. a3 Ba5 9. b4 Bc7 10. Bxc7 Qxc7 11. Be2 Nbd7 12. 0-0 Rd8 13. Nh4 Bg6 14. f4 0-0 15. Nxg6 hxg6 16. Qe1 Rfe8 17. Rf3 Nf8 18. Rd1 Nd5 19. Ne4 Nxf4 20. Bc4 Nd5 21. Qh4 Qe7 22. Ng5 f6 23. Ne4 g5 24. Qf2 Ng6 25. Re1 Ngf4 26. Nc5 b6 27. Nd3 Qd7 28. Nxf4 Nxf4 29. c3 Qd6 30. Rfe3 Re7 31. Qa2 Rde8 32. Qc2 Kf7 33. Rf1 Rh8 34. g3 Nd5 35. Ref3 Rh6 36. Qd2 Ke8 37. Qc2 g4 38. Rd3 e5 39. dxe5 Qxe5 40. Bxd5 cxd5 41. Rfd1 Qe2 42. Qxe2 Rxe2 43. Rxd5 Rhxh2 44. Rd8+ Kf7 45. R8d7+ Kg6 46. Rxa7 Reg2+ 47. Kf1 Rxg3 48. c4 Rh1+ 49. Kf2 Rf3+ 50. Ke2 Rxd1 51. Kxd1 Rc3 52. Ra6 Rxc4 53. Rxb6 Rf4 54. Ke2 g3 55. Rc6 Kg5 56. b5 f5 57. b6 Re4+ 58. Kf3 Ra4 59. Kxg3 Rxa3+ 60. Kf2 Rb3 61. Rc7 g6 62. b7 Kg4 63. Rg7 g5 64. Rc7 f4 65. Rf7 Rb2+ 66. Kg1 Kg3 67. Kf1 f3 68. Ke1 g4 0-1

[Event "Budapest-chT1 Lilienthal 1314"]
[Site "Budapest"]
[Date "2013.12.15"]
[Round "5"]
[White "Zilahi, Gabor"]
[Black "Pammer Zagroczky, Gabor"]
[Result "1/2-1/2"]
[WhiteElo "1954"]
[BlackElo "1930"]
[PlyCount "97"]
[EventDate "2013.09.29"]
[EventType "team-tourn"]
[EventRounds "11"]
[EventCountry "HUN"]
[SourceTitle "EXT 2021"]
[Source "ChessBase"]
[SourceDate "2020.10.23"]
[SourceVersion "1"]
[SourceVersionDate "2020.10.23"]
[SourceQuality "1"]
[WhiteTeam "Budapest Vasas II"]
[BlackTeam "Sarkany II"]
[WhiteTeamCountry "HUN"]
[BlackTeamCountry "HUN"]

1. d4 Nf6 2. Nf3 g6 3. g3 Bg7 4. Bg2 0-0 5. 0-0 d5 6. c4 c6 7. cxd5 cxd5 8. Nc3 Nc6 9. Bf4 Nh5 10. Bg5 h6 11. Bd2 Kh7 12. e3 Bf5 13. Ne1 Nf6 14. Qb3 Na5 15. Qb4 b6 16. Rc1 e6 17. b3 Qd7 18. f3 g5 19. Qa4 Rfd8 20. Qxd7 Rxd7 21. e4 dxe4 22. fxe4 Bg6 23. e5 Nd5 24. Ne4 Nb7 25. Nd3 a5 26. Nb2 Bf8 27. Nc4 Rad8 28. Nxb6 Nxb6 29. Nf6+ Kg7 30. Nxd7 Rxd7 31. Rc6 Rxd4 32. Be3 Rb4 33. Bxb6 Rxb6 34. Rfc1 Rb5 35. Rc7 Nc5 36. Bf1 Nd3 37. Rd1 Bc5+ 38. Rxc5 Rxc5 39. Bxd3 Bxd3 40. Rxd3 Rc1+ 41. Kf2 Rc2+ 42. Kf3 Rxa2 43. h4 gxh4 44. gxh4 Ra3 45. Ke2 a4 46. b4 Ra1 47. Rd1 Ra2+ 48. Rd2 Ra1 49. Rd1 1/2-1/2

[Event "Budapest-chT1 Lilienthal 1314"]
[Site "Budapest"]
[Date "2013.11.24"]
[Round "4"]
[White "Zilahi, Gabor"]
[Black "Terbe, Zsuzsanna"]
[Result "0-1"]
[WhiteElo "1954"]
[BlackElo "1944"]
[PlyCount "132"]
[EventDate "2013.09.29"]
[EventType "team-tourn"]
[EventRounds "11"]
[EventCountry "HUN"]
[SourceTitle "EXT 2021"]
[Source "ChessBase"]
[SourceDate "2020.10.23"]
[SourceVersion "1"]
[SourceVersionDate "2020.10.23"]
[SourceQuality "1"]
[WhiteTeam "Budapest Vasas II"]
[BlackTeam "Rakosliget"]
[WhiteTeamCountry "HUN"]
[BlackTeamCountry "HUN"]

1. d4 Nf6 2. Nf3 g6 3. g3 Bg7 4. Bg2 0-0 5. 0-0 d6 6. c4 Nc6 7. h3 a6 8. Nc3 Rb8 9. Be3 b5 10. Nd2 Na5 11. b3 Nd7 12. cxb5 axb5 13. Rc1 e5 14. Nf3 Bb7 15. Qd2 Ba8 16. Rfd1 Nc6 17. Bh6 Nxd4 18. Bxg7 Nxf3+ 19. Bxf3 Kxg7 20. Bxa8 Rxa8 21. Nxb5 Nc5 22. Qb2 Ne6 23. a4 Qe7 24. Qc2 Rfc8 25. Rd3 Ra6 26. Rc3 c5 27. e3 Rb8 28. Rd1 Nc7 29. Na3 Qe6 30. Rcd3 e4 31. Rc3 f5 32. Rc4 Rab6 33. Rb1 Na6 34. Nb5 Nb4 35. Qb2+ Kf7 36. Rd1 Nd3 37. Qe2 Qe5 38. Rd2 Qe7 39. f4 h5 40. Rcc2 Qe6 41. Rc3 Qf6 42. Rcc2 R8b7 43. Qd1 Rc6 44. Rxd3 exd3 45. Qxd3 Rcb6 46. Rd2 Rd7 47. Rc2 Qe6 48. Kf2 Re7 49. Rd2 Rd7 50. Rc2 Rb8 51. Rd2 Ke7 52. Qc3 Kf7 53. Qd3 Rbd8 54. Rc2 h4 55. gxh4 Qf6 56. Kg3 Rh8 57. Qd5+ Ke7 58. Rg2 Qxh4+ 59. Kf3 Qxh3+ 60. Ke2 Qh5+ 61. Kd2 Qh1 62. Nc3 Qa1 63. Rxg6 Rh2+ 64. Kd3 Qf1+ 65. Ne2 Qxe2+ 66. Kc3 Qc2# 0-1

[Event "Budapest-chT1 Lilienthal 1213"]
[Site "Budapest"]
[Date "2013.02.24"]
[Round "8"]
[White "Kertesz, Zsolt"]
[Black "Zilahi, Gabor"]
[Result "1-0"]
[WhiteElo "2051"]
[BlackElo "1967"]
[PlyCount "79"]
[EventDate "2012.09.30"]
[EventType "team-tourn"]
[EventRounds "11"]
[EventCountry "HUN"]
[SourceTitle "EXT 2019"]
[Source "ChessBase"]
[SourceDate "2018.10.10"]
[SourceVersion "1"]
[SourceVersionDate "2018.10.10"]
[SourceQuality "1"]
[WhiteTeam "Fabulon"]
[BlackTeam "Budapest Vasas II"]
[WhiteTeamCountry "HUN"]
[BlackTeamCountry "HUN"]

1. e4 c6 2. d4 d5 3. e5 Bf5 4. Nf3 e6 5. Be2 c5 6. Be3 Qb6 7. Nc3 Nc6 8. Na4 Qa5+ 9. c3 cxd4 10. Nxd4 Nxd4 11. Bxd4 Rc8 12. Qb3 b6 13. Nxb6 Rb8 14. Qa4+ Qxa4 15. Nxa4 f6 16. Bxa7 Ra8 17. Bd4 fxe5 18. Bxe5 Nf6 19. Nb6 Ra7 20. Bd4 Rb7 21. Na4 Kf7 22. b4 Bd6 23. 0-0 Ra8 24. Nc5 Rba7 25. a4 Bxc5 26. bxc5 Rxa4 27. Rxa4 Rxa4 28. c6 Ra8 29. c7 e5 30. Bxe5 Ke6 31. Bf4 Ne8 32. g4 Bg6 33. Bb5 Nd6 34. Re1+ Be4 35. f3 Nxb5 36. fxe4 Nxc3 37. exd5+ Kxd5 38. Kg2 Nb5 39. Re7 Rg8 40. Rd7+ 1-0

[Event "Budapest-chT1 Lilienthal 1213"]
[Site "Budapest"]
[Date "2012.11.11"]
[Round "3"]
[White "Zilahi, Gabor"]
[Black "Lazar, Andras"]
[Result "1/2-1/2"]
[WhiteElo "1967"]
[BlackElo "2062"]
[PlyCount "55"]
[EventDate "2012.09.30"]
[EventType "team-tourn"]
[EventRounds "11"]
[EventCountry "HUN"]
[SourceTitle "EXT 2019"]
[Source "ChessBase"]
[SourceDate "2018.10.10"]
[SourceVersion "1"]
[SourceVersionDate "2018.10.10"]
[SourceQuality "1"]
[WhiteTeam "Budapest Vasas II"]
[BlackTeam "Budapest Honved"]
[WhiteTeamCountry "HUN"]
[BlackTeamCountry "HUN"]

1. d4 Nf6 2. Nf3 e6 3. g3 Be7 4. Bg2 0-0 5. c4 d5 6. 0-0 Nbd7 7. cxd5 exd5 8. Nc3 c6 9. Qc2 Re8 10. Re1 Bd6 11. Bg5 h6 12. Bd2 Ne4 13. Nxe4 dxe4 14. Ne5 Nf6 15. Nc4 Bc7 16. Bc3 Bf5 17. e3 Nd5 18. Nd2 Qe7 19. Qb3 b5 20. a3 a5 21. Nf1 Bd6 22. Bd2 Nb6 23. Rec1 Nc4 24. Be1 Qd7 25. Nd2 a4 26. Qc2 Na5 27. Nxe4 Qe7 28. Bxa5 1/2-1/2

[Event "Budapest-chT1 Lilienthal 1112"]
[Site "Budapest"]
[Date "2012.01.15"]
[Round "6"]
[White "Horvath, Peter2222"]
[Black "Zilahi, Gabor"]
[Result "1/2-1/2"]
[WhiteElo "1901"]
[BlackElo "2022"]
[PlyCount "90"]
[EventDate "2011.10.02"]
[EventType "team-tourn"]
[EventRounds "11"]
[EventCountry "HUN"]
[SourceTitle "EXT 2020"]
[Source "ChessBase"]
[SourceDate "2019.10.17"]
[SourceVersion "1"]
[SourceVersionDate "2019.10.17"]
[SourceQuality "1"]
[WhiteTeam "Penzugyor III"]
[BlackTeam "Budapest Vasas II"]
[WhiteTeamCountry "HUN"]
[BlackTeamCountry "HUN"]

1. e4 c6 2. d4 d5 3. Nc3 dxe4 4. Nxe4 Nf6 5. Nxf6+ gxf6 6. Nf3 Bf5 7. Nh4 Bg6 8. Nxg6 hxg6 9. c3 Qd5 10. Be3 Nd7 11. Qb3 Qxb3 12. axb3 e6 13. b4 Bd6 14. g3 Nb6 15. Bg2 Nd5 16. Ke2 Ke7 17. f4 a6 18. Kd3 f5 19. Bd2 Ra7 20. h4 Re8 21. Kc2 f6 22. Rae1 e5 23. c4 Nxb4+ 24. Kb3 Nd3 25. Re3 Nf2 26. Rhe1 e4 27. c5 Bc7 28. Kc4 Rea8 29. Bc3 Ke8 30. b4 Kd8 31. Bf1 g5 32. hxg5 fxg5 33. fxg5 Ng4 34. R3e2 Bxg3 35. Rb1 Bf4 36. Bh3 Ne3+ 37. Kb3 Bxg5 38. Rf1 Rb8 39. Bxf5 Nxf5 40. Rxf5 Be7 41. Kc4 Kd7 42. Bd2 Bh4 43. Rh2 Be7 44. Rh7 Re8 45. Rff7 Raa8 1/2-1/2

[Event "Budapest Karacsonyi op 3rd"]
[Site "Budapest"]
[Date "2011.12.29"]
[Round "4"]
[White "Zilahi, Gabor"]
[Black "Farkas, Lajos"]
[Result "0-1"]
[WhiteElo "2007"]
[BlackElo "2164"]
[PlyCount "60"]
[EventDate "2011.12.27"]
[EventType "swiss"]
[EventRounds "7"]
[EventCountry "HUN"]
[SourceTitle "EXT 2020"]
[Source "ChessBase"]
[SourceDate "2019.10.17"]
[SourceVersion "1"]
[SourceVersionDate "2019.10.17"]
[SourceQuality "1"]

1. d4 Nf6 2. Nf3 d5 3. g3 c5 4. Bg2 Nc6 5. e3 Bf5 6. 0-0 e6 7. b3 Rc8 8. Nh4 Bg4 9. f3 Bh5 10. g4 Bg6 11. Nxg6 hxg6 12. c3 Bd6 13. f4 g5 14. Bb2 cxd4 15. cxd4 gxf4 16. exf4 g5 17. h3 Bxf4 18. Qe2 Qb6 19. Rd1 a6 20. Kf1 Qa7 21. Nc3 Kf8 22. Qf2 Ne7 23. Rd3 Ng6 24. Re1 Kg7 25. Bc1 Qb8 26. Ne2 Ne4 27. Bxe4 dxe4 28. Rc3 Rxc3 29. Bxf4 Nxf4 30. Nxc3 Rxh3 0-1

[Event "Budapest-chT1 Lilienthal 1112"]
[Site "Budapest"]
[Date "2011.11.20"]
[Round "3"]
[White "Zilahi, Gabor"]
[Black "Sumegi, Miklos Andras"]
[Result "1/2-1/2"]
[WhiteElo "2022"]
[BlackElo "2046"]
[PlyCount "40"]
[EventDate "2011.10.02"]
[EventType "team-tourn"]
[EventRounds "11"]
[EventCountry "HUN"]
[SourceTitle "EXT 2020"]
[Source "ChessBase"]
[SourceDate "2019.10.17"]
[SourceVersion "1"]
[SourceVersionDate "2019.10.17"]
[SourceQuality "1"]
[WhiteTeam "Budapest Vasas II"]
[BlackTeam "Vizugy II"]
[WhiteTeamCountry "HUN"]
[BlackTeamCountry "HUN"]

1. d4 Nf6 2. Nf3 e6 3. Bg5 Be7 4. e3 b6 5. Bd3 Bb7 6. Nbd2 Nd5 7. Bxe7 Qxe7 8. c3 Nc6 9. a3 f5 10. c4 Nf6 11. Qc2 g6 12. Be2 Nd8 13. Qc3 Nf7 14. Rg1 g5 15. 0-0-0 h5 16. h4 Ng4 17. Nxg5 Nxf2 18. Rdf1 Nxg5 19. hxg5 Ne4 20. Nxe4 Bxe4 1/2-1/2

[Event "Budapest Spring op 27th"]
[Site "Budapest"]
[Date "2011.03.24"]
[Round "8"]
[White "Borda, Lajos"]
[Black "Zilahi, Gabor"]
[Result "0-1"]
[WhiteElo "2135"]
[BlackElo "2004"]
[PlyCount "108"]
[EventDate "2011.03.18"]
[EventType "swiss"]
[EventRounds "9"]
[EventCountry "HUN"]
[SourceTitle "CBM 141 Extra"]
[Source "ChessBase"]
[SourceDate "2011.05.03"]
[SourceVersion "1"]
[SourceVersionDate "2011.05.03"]
[SourceQuality "1"]

1. e4 c6 2. d4 d5 3. f3 dxe4 4. fxe4 e5 5. Nf3 Bg4 6. Bc4 Bh5 7. g4 Bg6 8. 0-0 Nd7 9. c3 Ngf6 10. Bg5 Qb6 11. Bxf6 gxf6 12. Qe2 Be7 13. Rf2 0-0-0 14. a4 h5 15. a5 Qc7 16. h3 hxg4 17. hxg4 Rh3 18. Nbd2 Rdh8 19. Nh2 exd4 20. cxd4 Bd6 21. Ndf1 Bg3 22. Nxg3 Qxg3+ 23. Rg2 Qh4 24. Ra3 Rxa3 25. bxa3 Qh6 26. g5 fxg5 27. a6 b6 28. e5 g4 29. d5 cxd5 30. Bxd5 Qc1+ 31. Nf1 Qc5+ 32. Ne3 Nxe5 33. Rxg4 Nxg4 34. Qxg4+ Kc7 35. Qf4+ Qd6 36. Qc4+ Kd8 37. Bg2 Rh5 38. Qc3 Rg5 39. Qh8+ Ke7 40. Qa8 Rc5 41. Qxa7+ Kf6 42. Qb7 Rc1+ 43. Bf1 Qg3+ 44. Ng2 Qxa3 45. Qxb6+ Kg7 46. Qd4+ Kg8 47. Qd8+ Qf8 48. Qa5 Qc5+ 49. Qxc5 Rxc5 50. Kf2 Ra5 51. Nh4 Be4 52. Ke3 Bc6 53. Nf3 Ra3+ 54. Bd3 Bxf3 0-1

[Event "Budapest Spring op 27th"]
[Site "Budapest"]
[Date "2011.03.23"]
[Round "7"]
[White "Zilahi, Gabor"]
[Black "Szajbely, Zsigmond"]
[Result "1/2-1/2"]
[WhiteElo "2004"]
[BlackElo "2074"]
[PlyCount "88"]
[EventDate "2011.03.18"]
[EventType "swiss"]
[EventRounds "9"]
[EventCountry "HUN"]
[SourceTitle "CBM 141 Extra"]
[Source "ChessBase"]
[SourceDate "2011.05.03"]
[SourceVersion "1"]
[SourceVersionDate "2011.05.03"]
[SourceQuality "1"]

1. d4 Nf6 2. Nf3 c5 3. e3 Qc7 4. b3 g6 5. Bb2 Bg7 6. d5 d6 7. Be2 0-0 8. 0-0 Bd7 9. c4 Na6 10. a3 Qb8 11. Ra2 b5 12. Nbd2 bxc4 13. bxc4 Qb6 14. Bc3 Rfb8 15. Qc2 Nc7 16. h3 Qa6 17. Bd1 Rb6 18. Re1 Rd8 19. Kh2 e5 20. a4 Bf5 21. e4 Bd7 22. Be2 Nh5 23. g3 Bh6 24. Ng1 Ng7 25. Bd3 Rf8 26. Nf1 Qc8 27. a5 Rb8 28. Rb1 Na6 29. Rab2 f5 30. f3 fxe4 31. fxe4 Qc7 32. Kg2 Rxb2 33. Rxb2 Bc8 34. Qe2 Qf7 35. Ne3 Bxe3 36. Qxe3 Qd7 37. Be2 Qa4 38. Qd2 Ne8 39. Ra2 Qd7 40. Bg4 Qd8 41. Bxc8 Qxc8 42. Rb2 Qd7 43. Nf3 Ng7 44. Qh6 Qf7 1/2-1/2

[Event "Budapest-chT1 Lilienthal 1011"]
[Site "Budapest"]
[Date "2010.12.12"]
[Round "6"]
[White "Zilahi, Gabor"]
[Black "Horvath, Peter2222"]
[Result "1-0"]
[WhiteElo "1946"]
[BlackElo "2025"]
[PlyCount "131"]
[EventDate "2010.09.19"]
[EventType "team-tourn"]
[EventRounds "11"]
[EventCountry "HUN"]
[SourceTitle "EXT 2020"]
[Source "ChessBase"]
[SourceDate "2019.10.17"]
[SourceVersion "1"]
[SourceVersionDate "2019.10.17"]
[SourceQuality "1"]
[WhiteTeam "Budapest Vasas II"]
[BlackTeam "Penzugyor III"]
[WhiteTeamCountry "HUN"]
[BlackTeamCountry "HUN"]

1. d4 d5 2. e3 Bf5 3. c4 e6 4. Nc3 c6 5. Qb3 Qc7 6. Bd2 Nd7 7. Rc1 Ngf6 8. cxd5 exd5 9. Nxd5 Nxd5 10. Qxd5 Be6 11. Qe4 Nf6 12. Qc2 Qb6 13. b3 Bb4 14. Nf3 a5 15. Bd3 h6 16. 0-0 Bxd2 17. Qxd2 0-0 18. Ne5 a4 19. Bc4 axb3 20. axb3 Ra7 21. Bxe6 fxe6 22. Qd3 Ra3 23. Rb1 Qb4 24. Qc4 Qd6 25. b4 Ne4 26. Qc1 Ra2 27. Rb2 Qd5 28. Ng6 Rf7 29. Nf4 Rxf4 30. exf4 Rxb2 31. Qxb2 Qd6 32. Qa2 Kf7 33. f5 Nc3 34. Qxe6+ Qxe6 35. fxe6+ Kxe6 36. Re1+ Kd6 37. Kf1 b5 38. Re3 Nd5 39. Rb3 Nf4 40. g3 Ne6 41. Rd3 Kd5 42. Ke2 Kc4 43. Ke3 Nc7 44. Ke4 Nd5 45. Rf3 Nf6+ 46. Ke5 Kxb4 47. Kd6 Kc4 48. Kxc6 b4 49. Rf5 Kxd4 50. Kb5 Nd5 51. Ka4 Kc4 52. Rf7 Nc3+ 53. Ka5 g5 54. Rc7+ Kb3 55. Rb7 Na2 56. f4 gxf4 57. gxf4 Nc1 58. Rxb4+ Kc3 59. Re4 Kd3 60. Re6 Kd4 61. f5 Kd5 62. Re8 Nb3+ 63. Kb4 Nc1 64. Kc3 Na2+ 65. Kd2 Nb4 66. f6 1-0